Normal view MARC view
  • Mistral, Gabriela,

Entry Nombre Personal

Number of records used in: 4

001 - NUMERO DE CONTROL

  • campo de control: 1709

003 - IDENTIFICADOR DE NUMERO DE CONTROL

  • campo de control: MX-MxUPN

005 - FECHA Y HORA DE LA ÜLTIMA TRANSACCIÓN

  • campo de control: 20250403111925.0

008 - DATOS DE LONGITUD FIJA

  • campo de control de longitud fija: 250403n| fcnnnbabn | ana |d

035 ## - NUMERO DE CONTROL

  • Número de control: UPN10000001709

040 ## - FUENTE DE CATALOGACIÓN

  • Agencia original de catalogación: MX-MxUPN
  • Lenguaje de catalogación: spa
  • Agencia de transcripción: MX-MxUPN

053 #4 - NÚMERO DE CLASIFICACIÓN LC

  • Número de clasificación elemento-número único o número inicial de tramo: PQ8097 M5

100 1# - ENCABEZAMIENTO - NOMBRE PERSONAL

  • Nombre personal: Mistral, Gabriela,
  • Fechas asociadas con el nombre: 1889-1957
  • Subdivisión de forma: Correspondencia, memorias, etc.

670 ## - FUENTE EN LA QUE SE LOCALIZARON DATOS

  • Cita de la fuente: LC/P

902 ## - CATALOGADOR

  • Catalogador: MEEG/221105